| 000 | 00464nam a2200169 a 4500 | ||
|---|---|---|---|
| 001 | 0000-8713 | ||
| 003 | ELIB.Books | ||
| 008 | 110520 1979 | ||
| 035 | _a(ELIB.Books)0000-8859 | ||
| 082 |
_aR _bKit |
||
| 100 | _aKittel, Gerhard | ||
| 245 | _aTheological Dictionary of the New Testament (vol-IV) | ||
| 260 |
_bGrand Rapids: Wm. B. Eerdmans Publishing Co. _c1979 |
||
| 650 | _aReference | ||
| 942 |
_2ddc _cBK |
||
| 998 |
_cbat _e2011-05-20 |
||
| 999 |
_c8713 _d8713 |
||